BSOP header

How psychotherapy heals : (Record no. 44207)

MARC details
000 -LEADER
fixed length control field 00607cam a2200205 4500
001 - CONTROL NUMBER
control field 4141475
005 - DATE AND TIME OF LATEST TRANSACTION
control field 20181008133031.0
008 - FIXED-LENGTH DATA ELEMENTS--GENERAL INFORMATION
fixed length control field 700126s1969 nyu b 001 0 eng
010 ## - LIBRARY OF CONGRESS CONTROL NUMBER
LC control number 77091953
020 ## - INTERNATIONAL STANDARD BOOK NUMBER
International Standard Book Number 0876680244
040 ## - CATALOGING SOURCE
Original cataloging agency DLC
Transcribing agency DLC
Modifying agency DLC
100 1# - MAIN ENTRY--PERSONAL NAME
Personal name Chessick, Richard D.,
Dates associated with a name 1931-
245 10 - TITLE STATEMENT
Title How psychotherapy heals :
Remainder of title the process of intensive psychotherapy /
Statement of responsibility, etc by Richard D. Chessick.
260 ## - PUBLICATION, DISTRIBUTION, ETC. (IMPRINT)
Place of publication, distribution, etc New York :
Name of publisher, distributor, etc Science House,
Date of publication, distribution, etc c1969.
300 ## - PHYSICAL DESCRIPTION
Extent 227 p.
Dimensions 24 cm.
350 ## - PRICE (NR) (BK AM CF MU VM SE) [OBSOLETE]
Price 9.95
504 ## - BIBLIOGRAPHY, ETC. NOTE
Bibliography, etc Bibliography: p. 211-219.
650 #0 - SUBJECT ADDED ENTRY--TOPICAL TERM
Topical term or geographic name as entry element Intensive psychotherapy.
942 ## - ADDED ENTRY ELEMENTS (KOHA)
Source of classification or shelving scheme Library of Congress Classification
Item type Books
Holdings
Withdrawn status Lost status Source of classification or shelving scheme Damaged status Not for loan Home library Current library Shelving location Date acquired Source of acquisition Inventory number Total Checkouts Full call number Barcode Date last seen Price effective from Koha item type
    Library of Congress Classification     BSOP Library BSOP Library Dr. Kirwan's Office 10/08/2018 Dr. Kirwan Collection 43803   RC480 C42 1969 00054803 10/08/2018 10/08/2018 Books
BSOP

Biblical Seminary of the Philippines
  All rights Reserved
  © 2024

CONTACT INFORMATION

Biblical Seminary of the Philippines,
  77-B Karuhatan Road, Valenzuela City,
  PHILIPPINES 1441
  Phone: +632 8292-6795 / 8292-6798
  Fax : +632 8292-6675
  Email: library@bsop.edu.ph